[Event "HUN-chT2 9900"]
[Site "Hungary"]
[Date "2000.03.05"]
[Round "9"]
[White "Jeszenkovics, Tibor"]
[Black "Farkas, Zsolt"]
[Result "0-1"]
[WhiteElo "2183"]
[BlackElo "2229"]
[PlyCount "30"]
[EventDate "1999.09.26"]
[EventType "team"]
[EventRounds "11"]
[EventCountry "HUN"]
[SourceTitle "EXT 2002"]
[Source "ChessBase"]
[SourceDate "2001.11.25"]
[SourceVersion "1"]
[SourceVersionDate "2001.11.25"]
[SourceQuality "1"]

1. d4 f5 2. c4 Nf6 3. Nc3 g6 4. g3 Bg7 5. Bg2 0-0 6. Nf3 d6 7. 0-0 Nc6 8. Bg5 Ne4 9. Bc1 Nxc3 10. bxc3 e5 11. Ba3 e4 12. Nd2 Qe7 13. e3 b6 14. Qa4 Bd7 15. Qa6 Nb8 0-1

[Event "HUN-chT2 9900"]
[Site "Hungary"]
[Date "2000.01.23"]
[Round "6"]
[White "Jeszenkovics, Tibor"]
[Black "Kozma, Karoly"]
[Result "1/2-1/2"]
[WhiteElo "2183"]
[BlackElo "2256"]
[PlyCount "78"]
[EventDate "1999.09.26"]
[EventType "team"]
[EventRounds "11"]
[EventCountry "HUN"]
[SourceTitle "EXT 2002"]
[Source "ChessBase"]
[SourceDate "2001.11.25"]
[SourceVersion "1"]
[SourceVersionDate "2001.11.25"]
[SourceQuality "1"]

1. d4 Nf6 2. Nf3 g6 3. c4 c5 4. Nc3 cxd4 5. Nxd4 Bg7 6. e4 Nc6 7. Be3 Ng4 8. Nxc6 Nxe3 9. Nxd8 Nxd1 10. Nxd1 Kxd8 11. Rc1 b6 12. Nc3 Bb7 13. Bd3 Rc8 14. Ke2 e6 15. Rhd1 Ke7 16. g3 Ba6 17. b3 Rc5 18. a4 Bxc3 19. Rxc3 d5 20. exd5 exd5 21. b4 Rc7 22. c5 d4 23. Rcc1 Bxd3+ 24. Kxd3 bxc5 25. Rxc5 Rxc5 26. bxc5 Rb8 27. Re1+ Kd7 28. Kxd4 Rb2 29. c6+ Kxc6 30. Re7 Rxf2 31. Rxa7 Kb6 32. Ke3 Rf6 33. Rd7 h5 34. Rd5 Rf1 35. h4 Kc6 36. Rd4 Ra1 37. Rf4 Ra3+ 38. Kf2 f5 39. Rb4 Kc7 1/2-1/2

[Event "HUN-chT2 9900"]
[Site "Hungary"]
[Date "1999.11.21"]
[Round "5"]
[White "Siskov, Viktor"]
[Black "Jeszenkovics, Tibor"]
[Result "1-0"]
[WhiteElo "2140"]
[BlackElo "2183"]
[PlyCount "107"]
[EventDate "1999.09.26"]
[EventType "team"]
[EventRounds "11"]
[EventCountry "HUN"]
[SourceTitle "EXT 2002"]
[Source "ChessBase"]
[SourceDate "2001.11.25"]
[SourceVersion "1"]
[SourceVersionDate "2001.11.25"]
[SourceQuality "1"]

1. d4 g6 2. e4 Bg7 3. Nc3 d6 4. Be3 Nd7 5. Qd2 c6 6. Bc4 Ngf6 7. Bh6 0-0 8. Bxg7 Kxg7 9. f3 b5 10. Bb3 a5 11. a4 b4 12. Nd1 Ba6 13. Ne3 Nb6 14. c4 bxc3 15. bxc3 c5 16. Ne2 Qc7 17. d5 Rab8 18. 0-0 Bxe2 19. Qxe2 Kh8 20. Rfb1 Qa7 21. Kh1 Rfc8 22. Bc2 Re8 23. Bd3 c4 24. Nxc4 Nxc4 25. Bxc4 Rxb1+ 26. Rxb1 Rc8 27. Rc1 Qc5 28. Bb5 Kg7 29. c4 h5 30. Re1 h4 31. Qe3 Qb4 32. e5 Nh5 33. exd6 exd6 34. Qd4+ Nf6 35. Qxh4 Qd2 36. Rf1 Rh8 37. Qf2 Qc3 38. Re1 Nh5 39. Qe3 Qb2 40. Kg1 Nf6 41. Rd1 Rh4 42. Qd2 Qe5 43. g3 Rh5 44. Re1 Qf5 45. Qe2 Rh8 46. Rf1 Qh5 47. Rf2 Qh3 48. Qd2 Rh5 49. Qxa5 Re5 50. Qd2 Qf5 51. a5 Qb1+ 52. Rf1 Qb3 53. a6 Qa3 54. Qd4 1-0

[Event "HUN-chT2 9900"]
[Site "Hungary"]
[Date "1999.11.14"]
[Round "4"]
[White "Jeszenkovics, Tibor"]
[Black "Kosztolanczi, Gyula"]
[Result "1-0"]
[WhiteElo "2183"]
[BlackElo "2179"]
[PlyCount "83"]
[EventDate "1999.09.26"]
[EventType "team"]
[EventRounds "11"]
[EventCountry "HUN"]
[SourceTitle "EXT 2002"]
[Source "ChessBase"]
[SourceDate "2001.11.25"]
[SourceVersion "1"]
[SourceVersionDate "2001.11.25"]
[SourceQuality "1"]

1. g3 c5 2. Bg2 Nc6 3. d3 g6 4. Nf3 Bg7 5. 0-0 e6 6. e4 Nge7 7. Nc3 0-0 8. Be3 Nd4 9. Ne2 Nec6 10. c3 Nxf3+ 11. Bxf3 b6 12. d4 cxd4 13. Nxd4 Ba6 14. Re1 Ne5 15. Bg2 Nd3 16. Re2 Rc8 17. Rd2 Ne5 18. Nf3 Nxf3+ 19. Bxf3 Bb5 20. Qb3 Bc6 21. Bg2 Qc7 22. Rad1 Qb7 23. Bf4 f5 24. exf5 Bxg2 25. Rxd7 Qe4 26. fxe6 Bh3 27. e7+ Kh8 28. exf8Q+ Bxf8 29. Qd5 Re8 30. Qxe4 Rxe4 31. Rd8 Kg7 32. b4 Be7 33. Ra8 g5 34. Be3 h5 35. Rxa7 h4 36. Bxb6 Kg6 37. Be3 Bf6 38. Rd6 hxg3 39. hxg3 Bc8 40. Rc7 Re8 41. Rcc6 Rf8 42. Bd4 1-0

[Event "HUN-chT2 9900"]
[Site "Hungary"]
[Date "1999.09.26"]
[Round "1"]
[White "Jeszenkovics, Tibor"]
[Black "Gaber, Jozsef"]
[Result "1/2-1/2"]
[WhiteElo "2183"]
[BlackElo "2142"]
[PlyCount "57"]
[EventDate "1999.09.26"]
[EventType "team"]
[EventRounds "11"]
[EventCountry "HUN"]
[SourceTitle "EXT 2002"]
[Source "ChessBase"]
[SourceDate "2001.11.25"]
[SourceVersion "1"]
[SourceVersionDate "2001.11.25"]
[SourceQuality "1"]

1. d3 d5 2. g3 e5 3. Nf3 Nc6 4. Bg2 Nf6 5. 0-0 Be7 6. Nbd2 0-0 7. e4 dxe4 8. dxe4 Bg4 9. h3 Bxf3 10. Bxf3 Qd7 11. Kg2 Rad8 12. c3 Qe6 13. Qe2 a6 14. Nc4 Bc5 15. Bg5 h6 16. Be3 Bxe3 17. Nxe3 Ne7 18. b3 Rd7 19. Rad1 Rfd8 20. Rxd7 Rxd7 21. Re1 g6 22. Rd1 c6 23. Bg4 Nxg4 24. Nxg4 Rxd1 25. Qxd1 Kg7 26. Qd2 Ng8 27. Qd8 h5 28. Ne3 Nf6 29. Qd3 1/2-1/2

[Event "HUN-chT2 9899"]
[Site "Hungary"]
[Date "1999.??.??"]
[Round "?"]
[White "Jeszenkovics, Tibor"]
[Black "Dovzik, Juri"]
[Result "0-1"]
[WhiteElo "2220"]
[BlackElo "2375"]
[PlyCount "80"]
[EventDate "1998.??.??"]
[EventType "team"]
[EventRounds "12"]
[EventCountry "HUN"]
[SourceTitle "EXT 2000"]
[Source "ChessBase"]
[SourceDate "1999.11.16"]
[SourceVersion "1"]
[SourceVersionDate "1999.11.16"]
[SourceQuality "1"]

1. Nf3 d5 2. d4 Nf6 3. c4 c6 4. Nc3 a6 5. c5 Bf5 6. Bf4 e6 7. e3 Nbd7 8. Be2 Be7 9. 0-0 0-0 10. h3 b5 11. cxb6 Qxb6 12. Qd2 c5 13. Na4 Qb7 14. dxc5 Ne4 15. c6 Qxc6 16. Qd1 Qb7 17. Rc1 Rfc8 18. Ne5 Rxc1 19. Qxc1 Rc8 20. Qd1 Ndc5 21. Nxc5 Nxc5 22. b3 Ne4 23. Bd3 f6 24. Bxe4 Bxe4 25. Nd3 Qb5 26. Ne1 Ba3 27. f3 Bg6 28. Bg3 Rc1 29. Qd2 e5 30. f4 exf4 31. Bxf4 Rb1 32. Bg3 Be4 33. Qf2 h6 34. Bh4 Kh7 35. Bg3 Rb2 36. Qf4 Rxa2 37. Qc7 Qc5 38. Qxc5 Bxc5 39. Bf2 Rb2 40. Nf3 Bxf3 0-1

[Event "HUN-chT2"]
[Site "Hungary"]
[Date "1996.??.??"]
[Round "1"]
[White "Karsai, Istvan"]
[Black "Jeszenkovics, Tibor"]
[Result "1/2-1/2"]
[WhiteElo "2175"]
[BlackElo "2240"]
[PlyCount "50"]
[EventDate "1996.??.??"]
[EventType "team"]
[EventRounds "13"]
[EventCountry "HUN"]
[SourceTitle "EXT 2006"]
[Source "ChessBase"]
[SourceDate "2005.11.24"]
[SourceVersion "1"]
[SourceVersionDate "2005.11.24"]
[SourceQuality "1"]

1. e4 d6 2. d4 Nf6 3. Nc3 g6 4. Nf3 Bg7 5. Be2 0-0 6. 0-0 c6 7. a4 Bg4 8. h3 Bxf3 9. Bxf3 e5 10. dxe5 dxe5 11. Qxd8 Rxd8 12. Be3 Na6 13. Rfd1 Nb4 14. Rxd8+ Rxd8 15. Rd1 Rxd1+ 16. Bxd1 a6 17. a5 Bf8 18. f3 Nd7 19. Na4 Be7 20. c3 Nd3 21. b4 Nf4 22. Bb3 Kf8 23. Bc4 Ke8 24. Kf2 h5 25. h4 Ne6 1/2-1/2

[Event "HUN-chT2 9495"]
[Site "Hungary"]
[Date "1995.??.??"]
[Round "?"]
[White "Jeszenkovics, Tibor"]
[Black "Apro, Adrian"]
[Result "1/2-1/2"]
[WhiteElo "2235"]
[BlackElo "2130"]
[PlyCount "108"]
[EventDate "1994.??.??"]
[EventType "team"]
[EventRounds "13"]
[EventCountry "HUN"]
[SourceTitle "EXT 1999"]
[Source "ChessBase"]
[SourceDate "1998.11.16"]
[SourceVersion "1"]
[SourceVersionDate "1998.11.16"]
[SourceQuality "1"]

1. d4 Nf6 2. c4 g6 3. Nc3 d5 4. Nf3 Bg7 5. Bg5 Ne4 6. cxd5 Nxg5 7. Nxg5 e6 8. Nf3 exd5 9. Qb3 c6 10. e3 Nd7 11. Be2 0-0 12. 0-0 Qb6 13. Qc2 Re8 14. Na4 Qc7 15. Rac1 Nf6 16. Nc5 Ne4 17. b4 Nxc5 18. Qxc5 Qb6 19. b5 Qxc5 20. Rxc5 Bd7 21. bxc6 bxc6 22. Rfc1 Rab8 23. Ra5 Rb7 24. Ba6 Rb2 25. Bf1 Rb7 26. Ne1 Bf8 27. Nd3 Bd6 28. h3 f6 29. Nc5 Bxc5 30. Rcxc5 Reb8 31. Bd3 f5 32. Kh2 Kf7 33. Kg3 g5 34. Bc2 Re8 35. Ba4 Rc8 36. Ra6 Rbc7 37. h4 h6 38. hxg5 hxg5 39. Kf3 Ke7 40. Ke2 Kd6 41. Bb3 Be6 42. Rc1 Rh8 43. Ba4 Bd7 44. g3 Rh6 45. Rb1 Rh8 46. Ra5 Ke6 47. Rc5 Kd6 48. Rcc1 Bc8 49. Bc2 Rh2 50. Rh1 Rch7 51. Rxh2 Rxh2 52. Bd3 Kc7 53. a3 Kd6 54. a4 Kc7 1/2-1/2

[Event "HUN-chT2 9394"]
[Site "Hungary"]
[Date "1994.??.??"]
[Round "?"]
[White "Berenyi, Tamas"]
[Black "Jeszenkovics, Tibor"]
[Result "0-1"]
[WhiteElo "2070"]
[BlackElo "2250"]
[PlyCount "110"]
[EventDate "1993.??.??"]
[EventType "team"]
[EventRounds "13"]
[EventCountry "HUN"]
[SourceTitle "TD"]
[Source "ChessBase"]
[SourceDate "1994.03.01"]
[SourceVersion "1"]
[SourceVersionDate "1994.03.01"]
[SourceQuality "1"]

1. e4 d6 2. d4 Nf6 3. Nc3 g6 4. Bg5 h6 5. Be3 c6 6. Nf3 Bg4 7. Qd2 Nbd7 8. Bd3 e5 9. 0-0-0 b5 10. h3 Bxf3 11. gxf3 Bg7 12. Ne2 Nh5 13. d5 cxd5 14. exd5 a6 15. f4 exf4 16. Nxf4 Qf6 17. c3 Nxf4 18. Bxf4 Nc5 19. Bc2 b4 20. Qd4 bxc3 21. bxc3 0-0-0 22. Be3 Kc7 23. Qxf6 Bxf6 24. Bd4 Bxd4 25. Rxd4 Rhe8 26. Kd2 Re5 27. f4 Re7 28. Re1 Rxe1 29. Kxe1 Re8+ 30. Kf2 Rb8 31. Rb4 Re8 32. a4 Re7 33. a5 Re8 34. Rb6 Rb8 35. Rb4 Re8 36. f5 g5 37. Kf3 f6 38. Rb1 Re5 39. Ra1 h5 40. Rg1 Re8 41. Rb1 Re5 42. Rg1 Re7 43. Rb1 Re8 44. Rd1 Nd7 45. Kf2 Rb8 46. Rb1 Rxb1 47. Bxb1 Nc5 48. Bc2 Nb7 49. Bd1 h4 50. Kf3 Nxa5 51. Be2 Nb3 52. Kg4 Nc5 53. Kh5 Kd8 54. Kg6 Ke7 55. Bd1 a5 0-1

[Event "HUN-chT2 9293"]
[Site "Hungary"]
[Date "1993.??.??"]
[Round "?"]
[White "Jeszenkovics, Tibor"]
[Black "Kun, Sandor"]
[Result "1/2-1/2"]
[WhiteElo "2240"]
[BlackElo "2280"]
[PlyCount "81"]
[EventDate "1992.??.??"]
[EventType "team"]
[EventRounds "12"]
[EventCountry "HUN"]
[SourceTitle "TD"]
[Source "ChessBase"]
[SourceDate "1994.03.01"]
[SourceVersion "1"]
[SourceVersionDate "1994.03.01"]
[SourceQuality "1"]

1. d3 d5 2. g3 c5 3. Bg2 e5 4. Nf3 Nc6 5. 0-0 Nf6 6. Bg5 Be7 7. Nbd2 Be6 8. e4 d4 9. Nc4 h6 10. Bxf6 Bxf6 11. a4 Qd7 12. Nfd2 g5 13. Nb3 Be7 14. Qd2 Bh3 15. f3 f6 16. Kh1 h5 17. Rf2 Be6 18. Nba5 h4 19. g4 Nd8 20. h3 b6 21. Nb3 0-0 22. Rff1 Nf7 23. Rfd1 Rfd8 24. Bf1 Qc6 25. Qe2 Rd7 26. Nbd2 Bd8 27. b3 a6 28. Rdb1 Rda7 29. Qd1 b5 30. Nb2 Ba5 31. Ra2 Bc3 32. Qc1 Nd6 33. Rba1 Qc7 34. Kg2 Qa5 35. Nb1 Qb4 36. axb5 Bxb2 37. Qxb2 Nxb5 38. Qc1 Nc3 39. Nxc3 Qxc3 40. Ra5 Rb8 41. Kg1 1/2-1/2

[Event "HUN-chT2 9293"]
[Site "Hungary"]
[Date "1993.??.??"]
[Round "?"]
[White "Keschitz, Gyorgy"]
[Black "Jeszenkovics, Tibor"]
[Result "1-0"]
[WhiteElo "2290"]
[BlackElo "2240"]
[PlyCount "119"]
[EventDate "1992.??.??"]
[EventType "team"]
[EventRounds "12"]
[EventCountry "HUN"]
[SourceTitle "TD"]
[Source "ChessBase"]
[SourceDate "1994.03.01"]
[SourceVersion "1"]
[SourceVersionDate "1994.03.01"]
[SourceQuality "1"]

1. e4 d6 2. d4 Nf6 3. Nc3 g6 4. f4 Bg7 5. Nf3 0-0 6. Bd3 Na6 7. 0-0 c5 8. d5 Nc7 9. Qe2 a6 10. a4 Rb8 11. a5 b5 12. axb6 Rxb6 13. Na4 Rb8 14. c4 e6 15. e5 Ng4 16. h3 Nh6 17. Be3 exd5 18. exd6 Qxd6 19. Bxc5 Qxf4 20. Bxf8 Bxf8 21. Qe5 Bd6 22. Qxf4 Bxf4 23. c5 Nf5 24. Rfe1 Rb3 25. Ra3 Rb4 26. g4 Ng7 27. Nb6 Be6 28. Ra4 Rb3 29. Rxf4 Rxd3 30. Kf2 Rb3 31. Re2 h5 32. Na4 a5 33. c6 Kf8 34. Re3 Rb8 35. Kg3 Ke7 36. Nd4 Kd6 37. Rb3 Rxb3+ 38. Nxb3 Kxc6 39. Nxa5+ Kd6 40. Nb7+ Ke5 41. Nd8 f5 42. g5 Bd7 43. Nc5 Be8 44. Rb4 d4 45. Rb7 Kd6 46. b4 h4+ 47. Kf3 d3 48. Nxd3 Nge6 49. Rb6+ Ke7 50. Nxe6 Nxe6 51. Nf4 Nxg5+ 52. Ke3 Kd7 53. Nxg6 Nxh3 54. Nxh4 Kc7 55. Rf6 f4+ 56. Kd4 Bd7 57. Kc5 Nf2 58. Kd4 Nh3 59. Ng2 Ng5 60. Nxf4 1-0